| 000 | 00673nam a22002057a 4500 | ||
|---|---|---|---|
| 999 |
_c17209 _d17209 |
||
| 003 | AR-CdUCM | ||
| 008 | 190507b ||||| |||| 00| 0 spa d | ||
| 040 |
_aMUNICIPALIDAD PROVINCIAL DEL CUSCO _cBIBLIOTECA MUNICIPAL DEL CUSCO |
||
| 082 |
_a364.370 / _bF75 |
||
| 100 |
_aFontán Balestra, Carlos _937085 |
||
| 245 | _aCriminología y educación / | ||
| 260 |
_aBuenos Aires : _bHachette, _c1943. |
||
| 300 |
_a226 páginas ; _c23 cm. |
||
| 505 | _aContenido : Introducción -- La criminologia -- Posición científica ... | ||
| 650 |
_aCriminología _97441 |
||
| 650 |
_aEducación _9460 |
||
| 650 |
_aSiglo XX _98 |
||
| 942 |
_2ddc _cLIBROS |
||
| 945 |
_arah _d07/05/2019 |
||